000 00268nam a2200097Ia 4500
001 1214747
005 20250827024538.0
008 250824s9999 xx 000 0 und d
245 0 _aMUHTEŞEM SÜLEYMAN VE HÜRREM SULTAN
_cYAVUZ BAHADIROĞLU
260 _bPANAMA YAYINLARI
999 _c1214747
_d1214747